Ijma and Legislation in Islam (Record no. 6662)

MARC details
000 -LEADER
fixed length control field 00599nam a2200241 a 4500
020 ## - INTERNATIONAL STANDARD BOOK NUMBER
ISBN
082 00 - DEWEY DECIMAL CLASSIFICATION NUMBER
Classification number 340.59
Author Cutter ABD5
100 ## - MAIN ENTRY--AUTHOR NAME
Author name Abdul Khadeer, Mohammad
245 ## - TITLE STATEMENT
Title Ijma and Legislation in Islam
260 ## - PUBLICATION, DISTRIBUTION, ETC. (IMPRINT)
Place of publication Secunderabad
Name of publisher Author
Year of publication 1974
300 ## - PHYSICAL DESCRIPTION
Number of Pages 146p
500 ## - GENERAL NOTE
General note includes index and biblioraphy
505 2# - FORMATTED CONTENTS NOTE
Formatted contents note Articles
650 ## - SUBJECT ADDED ENTRY--TOPICAL TERM
Topical Term Islamic-Law Jurisprudence
942 ## - ADDED ENTRY ELEMENTS (KOHA)
Koha item type Books
700 1# -
-- Abdul Khadeer, Mohammad
Holdings
Home library Current library Date acquired Cost, normal purchase price Full call number Accession Number Koha item type
Henry Martyn Institute Library Henry Martyn Institute Library 05/01/2007 30.00 340.59 ABD5 010200 E-Books
                   Copyright © 2026 | Henry Martyn Institute | Hyderabad | TS-500052 | INDIA | Implemented by hmi.edu.in
Hit-Count:

Powered by Koha